Elementos de geometria algébrica /

Guardado en:
Autor Principal: Samuel, Pierre, 1921-
Formato: Libro
Idioma:Portuguese
Publicado: Rio de Janeiro : Instituto de Matemática Pura e Aplicada do Conselho Nacional de Pesquisas, 1959.
Series:Notas de matemática ; no. 18
Etiquetas: Agregar Etiqueta
Sin Etiquetas, Sea el primero en etiquetar este registro!
LEADER 00843nam a22001815a 4500
001 MAT.inmabb000618
008 031118s1959####bl############001#0#por#d
005 20130416183001.0
245 1 0 |a Elementos de geometria algébrica /  |c por Pierre Samuel ; notas redigidas por Alberto de Azevedo e Artibano Micali. 
260 |a Rio de Janeiro :  |b Instituto de Matemática Pura e Aplicada do Conselho Nacional de Pesquisas,  |c 1959. 
300 |a 114 p. ;  |c 27 cm. 
440 0 |a Notas de matemática ;  |v no. 18 
500 |a Notas de un curso dictado en septiembre y octubre de 1958 en el Instituto de Matemática Pura e Aplicada de Rio de Janeiro. 
100 1 |a Samuel, Pierre,  |d 1921- 
084 |a 14-01  |2 msc2000 
859 |h 14  |i Sa193e  |p A-386  |b BIB. MATEMATICA 
859 |h 14  |i Sa193e  |p A-419  |t Ej. 2  |b BIB. MATEMATICA 
859 |h 14  |i Sa193e  |p A-7225  |t Ej. 3  |b BIB. MATEMATICA